| 000 | 00574nam a2200205 a 4500 | ||
|---|---|---|---|
| 005 | 20210223132359.0 | ||
| 008 | 140613s2007 mx r 000 0 spa d | ||
| 020 | _a9709718649 (10 dígitos) | ||
| 020 | _a9789709718645 (13 dígitos) | ||
| 035 | _aUPN01000197886 | ||
| 049 | _aCG | ||
| 050 | 4 |
_aGN406 _bO4.6 |
|
| 100 | 1 |
_aOlivares, Godofredo, _d1957- _930266 |
|
| 245 | 1 | 0 |
_aObjetos ¿conocidos? / _cGodofredo Olivares. |
| 260 |
_aMéxico : _bTecolote, _c2007. |
||
| 300 |
_a96 p. : _bil. |
||
| 650 | 4 |
_aCULTURA MATERIAL _922615 |
|
| 905 | _aLibro | ||
| 999 |
_c169987 _d169987 |
||